Diarios completos
Enregistré dans:
| Auteur principal: | |
|---|---|
| Format: | Livre |
| Langue: | espagnol |
| Publié: |
Santiago
Ediciones Universidad Diego Portales
2018
|
| Édition: | 1a. ed |
| Collection: | Colección Vidas Ajenas
|
| Sujets: | |
| Tags: |
Ajouter un tag
Pas de tags, Soyez le premier à ajouter un tag!
|
MARC
| LEADER | 00000cam a2200000 a 4500 | ||
|---|---|---|---|
| 001 | UCC8663 | ||
| 003 | CL-VaPUC | ||
| 005 | 20240821123533.0 | ||
| 008 | 190809e20180000cl |||||||||||||||||spa|d | ||
| 020 | |a 9789563144130 | ||
| 040 | |c Pontificia Universidad Católica de Valparaíso | ||
| 082 | 0 | 4 | |a 813.54 |b PLA |2 21 |
| 100 | 0 | |a Plath, Sylvia |e author |9 603375 | |
| 245 | 1 | 0 | |a Diarios completos |
| 250 | |a 1a. ed | ||
| 260 | |a Santiago |b Ediciones Universidad Diego Portales |c 2018 | ||
| 300 | |a 921 p | ||
| 490 | 0 | |a Colección Vidas Ajenas | |
| 583 | |a last modification |c 20190809 11:18:00 |k Rodrigo Vera | ||
| 650 | 0 | |a Autobiografías |9 265171 | |
| 650 | 0 | |a Literatura estadounidense |9 317168 | |
| 650 | 7 | |a ESCRITORES ESTADOUNIDENSES |2 CL-VaPUC |9 449760 | |
| 942 | |c BK | ||
| 945 | |d 20190809 11:18:00 |a dcastane | ||
| 999 | |c 374932 |d 374930 | ||
| 952 | |0 0 |1 0 |3 erb |4 0 |6 813_540000000000000_PLA_2018 |7 0 |8 A |9 493713 |a BIBART |b BIBART |i 5556767 |l 5 |o 813.54 PLA 2018 |p 5556767 |r 2025-03-13 |s 2024-05-02 |w 2019-11-24 |y BK |z Catalogado en:20190809 |k ART | ||